Normal view
MARC view
- /م.مشارك /الحاج عيسى،مصباح مترجم/شماعة،زهرية مترجم/بن مسعود،سناء مترجمة /أبو لبدة،إيناس مترجمة/السمان،سرى مترجمة/ملحم،إياد مراجع لغويGunter/ م.مشاركCashman /مؤلفShelly
Entry Personal Name
001 - CONTROL NUMBER
- control field: 34475
003 - CONTROL NUMBER IDENTIFIER
- control field: JO-AjAnu
005 - DATE AND TIME OF LATEST TRANSACTION
- control field: 20230606075756.0
008 - FIXED-LENGTH DATA ELEMENTS
- fixed length control field: 230606|| aca||aabn | a|a d
040 ## - CATALOGING SOURCE
- Original cataloging agency: JO-AjAnu
- Transcribing agency: JO-AjAnu
100 ## - HEADING--PERSONAL NAME
- Personal name: /م.مشارك /الحاج عيسى،مصباح مترجم/شماعة،زهرية مترجم/بن مسعود،سناء مترجمة /أبو لبدة،إيناس مترجمة/السمان،سرى مترجمة/ملحم،إياد مراجع لغويGunter/ م.مشاركCashman /مؤلفShelly
670 ## - SOURCE DATA FOUND
- Source citation: Work cat.: (JO-AjAnu)17708: /م.مشارك /الحاج عيسى،مصباح مترجم/شماعة،زهرية مترجم/بن مسعود،سناء مترجمة /أبو لبدة،إيناس مترجمة/السمان،سرى مترجمة/ملحم،إياد مراجع لغويGunter/ م.مشاركCashman /مؤلفShelly, author, تقنيات تربوية حديثة